Journal of soil contamination.

Bibliographic Details
New Title:Soil & sediment contamination (Online)
Uniform Title:Journal of soil contamination (Online)
Corporate Author: Association for the Environmental Health of Soils
Format: Journal
Language:English
Published: [Boca Raton] : [Lewis Publishers], ©1992-©2000.
Subjects:
Online Availability: Check for online availability

MARC

Tag First Indicator Second Indicator Subfields
LEADER 00000cas a2200000 a 4500
001 in00002782368
005 20151202171658.0
006 m o d
007 cr |||||||||||
008 990217d19922000flubx poo 0 0eng c
010 |a  2007247559 
022 |y 1058-8337  |y 1549-7887  |y 1532-0383 
029 1 |a OCLCS  |b 10802 
029 1 |a OCLCS  |b OP-18156 
029 1 |a AU@  |b 000041376858 
035 |a (OCoLC)ocm40809865 
035 |a (OCoLC)40809865 
040 |a F#A  |c F#A  |d OCL  |d OCLCQ  |d BUF  |d OCLCQ  |d TXA  |d UtOrBLW 
042 |a pcc 
049 |a TXAM 
050 4 |a TD878  |b .J68 Electronic 
092 |a 628.55 
130 0 |a Journal of soil contamination (Online) 
245 1 0 |a Journal of soil contamination. 
264 1 |a [Boca Raton] :  |b [Lewis Publishers],  |c ©1992-©2000. 
310 |a Bimonthly,  |b 1997-2000 
321 |a Quarterly,  |b 1992-1996 
336 |a text  |b txt  |2 rdacontent 
337 |a computer  |b c  |2 rdamedia 
338 |a online resource  |b cr  |2 rdacarrier 
362 1 |a Print began with: Vol. 1, no. 1, published in 1992; ceased with: Vol. 9, no. 2, published in 2000. 
538 |a Mode of access: World Wide Web. 
550 |a Sponsored by the Association for the Environmental Health of Soils. 
588 |a Description based on: Vol. 1, no. 1, published in 1992; title from PDF article header (Taylor & Francis, viewed Dec. 5, 2012). 
588 |a Latest issue consulted: Vol. 9, no. 2, published in 2000 (Taylor & Francis, viewed Dec. 5, 2012). 
500 |a Electronic resource. 
650 0 |a Soil pollution  |v Periodicals. 
650 0 |a Soil protection  |v Periodicals. 
650 2 |a Soil Pollutants  |v Periodicals. 
710 2 |a Association for the Environmental Health of Soils. 
776 0 8 |i Print version:  |t Journal of soil contamination  |x 1058-8337  |w (DLC) 92642601  |w (OCoLC)24402087 
785 1 0 |t Soil & sediment contamination (Online)  |x 1549-7887  |w (DLC) 2004214415  |w (OCoLC)54071039 
948 |a cataloged  |b h  |c 2012/12/5  |d c  |e spoltoratski  |f 10:18:37 am  |g sc 
994 |a C0  |b TXA 
999 |a MARS 
999 f f |s a6618ea7-8c01-36e4-85f8-534d1be81f00  |i cad5e7c6-17a0-3697-9ed1-616412410d52  |t 0 
952 f f |a Texas A&M University  |b College Station  |c Electronic Resources  |d Available Online  |t 0  |e TD878 .J68  |g Electronic  |h Library of Congress classification 
998 f f |a TD878 .J68  |t 0  |l Available Online